<?xml version="1.0" encoding="UTF-8"?><?xml-stylesheet type="text/xsl" href="static/style.xsl"?><OAI-PMH xmlns="http://www.openarchives.org/OAI/2.0/" xmlns:xsi="http://www.w3.org/2001/XMLSchema-instance" xsi:schemaLocation="http://www.openarchives.org/OAI/2.0/ http://www.openarchives.org/OAI/2.0/OAI-PMH.xsd"><responseDate>2026-04-17T18:44:05Z</responseDate><request verb="GetRecord" identifier="oai:www.recercat.cat:10230/57945" metadataPrefix="marc">https://recercat.cat/oai/request</request><GetRecord><record><header><identifier>oai:recercat.cat:10230/57945</identifier><datestamp>2025-12-21T20:46:52Z</datestamp><setSpec>com_2072_6</setSpec><setSpec>col_2072_452954</setSpec></header><metadata><record xmlns="http://www.loc.gov/MARC21/slim" xmlns:dcterms="http://purl.org/dc/terms/" xmlns:xsi="http://www.w3.org/2001/XMLSchema-instance" xmlns:doc="http://www.lyncode.com/xoai" xsi:schemaLocation="http://www.loc.gov/MARC21/slim http://www.loc.gov/standards/marcxml/schema/MARC21slim.xsd">
   <leader>00925njm 22002777a 4500</leader>
   <datafield ind2=" " ind1=" " tag="042">
      <subfield code="a">dc</subfield>
   </datafield>
   <datafield ind2=" " ind1=" " tag="720">
      <subfield code="a">Gambús i Moreno, Paula</subfield>
      <subfield code="e">author</subfield>
   </datafield>
   <datafield ind2=" " ind1=" " tag="260">
      <subfield code="c">2023-09-22T17:01:38Z</subfield>
   </datafield>
   <datafield ind2=" " ind1=" " tag="260">
      <subfield code="c">2023-09-22T17:01:38Z</subfield>
   </datafield>
   <datafield ind2=" " ind1=" " tag="260">
      <subfield code="c">2023-09-22</subfield>
   </datafield>
   <datafield ind2=" " ind1=" " tag="520">
      <subfield code="a">Tutors: Dr. Deborah Pareto Onghena, Dr. Gerard Martí Juan.&#xd;
Treball de fi de grau en Biomèdica</subfield>
   </datafield>
   <datafield ind2=" " ind1=" " tag="520">
      <subfield code="a">Multiple sclerosis (MS) is a neurodegenerative disease affecting the central nervous&#xd;
system (CNS), characterized by the destruction of myelin sheaths, that has become&#xd;
the leading cause of disability in young adults. Since this disease does not have a&#xd;
cure, an early diagnosis is crucial to start treatment and slow down its progression.&#xd;
Current diagnostic criteria are based on detecting lesions on magnetic resonance&#xd;
imaging (MRI). Accurate detection of spinal cord (SC) lesions is currently missing.&#xd;
In this context, the aim of this project was to develop an artificial intelligence&#xd;
tool using convolutional neural networks to automatically segment SC lesions from&#xd;
Double Inversion Recovery (DIR) sequences.&#xd;
For this purpose, two different raters manually segmented SC lesions from patients&#xd;
with MS. From these masks, three different networks were obtained using the&#xd;
same hyperparameters: the Rater 1 model was trained with masks segmented by&#xd;
the first rater; the Rater 2 model with segmentations from the rater 2; and the&#xd;
Hybrid one, with masks from both of them. Their performance was evaluated using&#xd;
a test set of 30 patients, with half of them not having SC lesions. To assess the&#xd;
performance of the method, the Dice coefficient between the manual ground truths&#xd;
and the automatic masks was calculated.&#xd;
The three models showed good performance, with a Dice score of around 50%.&#xd;
However, the Rater 2 model had better results since a Dice coefficient of 0.557&#xd;
± 0.102 was obtained. Moreover, this algorithm demonstrated a non-overlapping&#xd;
volume percentage of 34.119 ± 49.629 % meaning that it exhibited a tendency to&#xd;
over-segment lesions, leading to false positives. Further analysis and discussions with&#xd;
neuroradiologists determined that removing falsely detected voxels was preferable&#xd;
to missing true SC lesions.&#xd;
Even though the successful results, further improvements to increase its accuracy&#xd;
are necessary for clinical viability. Overall, this research presents a step towards&#xd;
automated SC lesion segmentation in MS using DIR sequences, which could aid to&#xd;
assist radiologists in scanner assessment.</subfield>
   </datafield>
   <datafield tag="653" ind2=" " ind1=" ">
      <subfield code="a">Multiple sclerosis</subfield>
   </datafield>
   <datafield tag="653" ind2=" " ind1=" ">
      <subfield code="a">Spinal cord lesion</subfield>
   </datafield>
   <datafield tag="653" ind2=" " ind1=" ">
      <subfield code="a">Deep learning</subfield>
   </datafield>
   <datafield tag="653" ind2=" " ind1=" ">
      <subfield code="a">Convolutional neural network</subfield>
   </datafield>
   <datafield tag="653" ind2=" " ind1=" ">
      <subfield code="a">DIR sequence</subfield>
   </datafield>
   <datafield tag="653" ind2=" " ind1=" ">
      <subfield code="a">Ground truth</subfield>
   </datafield>
   <datafield tag="653" ind2=" " ind1=" ">
      <subfield code="a">Dice coefficient</subfield>
   </datafield>
   <datafield ind2="0" ind1="0" tag="245">
      <subfield code="a">Automatic segmentation of intramedullary multiple sclerosis lesions delimited in DIR sequences with convolutional neural networks</subfield>
   </datafield>
</record></metadata></record></GetRecord></OAI-PMH>